Manual of Japanese writing (Record no. 1075060)
[ view plain ]
| 000 -LEADER | |
|---|---|
| fixed length control field | 00749nam a2200265Ia 4500 |
| 003 - CONTROL NUMBER IDENTIFIER | |
| control field | OSt |
| 005 - DATE AND TIME OF LATEST TRANSACTION | |
| control field | 20221006142710.0 |
| 008 - FIXED-LENGTH DATA ELEMENTS--GENERAL INFORMATION | |
| fixed length control field | 221006b |||||||| |||| 00| 0 eng d |
| 037 ## - SOURCE OF ACQUISITION | |
| Terms of availability | Textual |
| 040 ## - CATALOGING SOURCE | |
| Original cataloging agency | EASL |
| Transcribing agency | EASL |
| Language of cataloging | eng |
| 041 ## - LANGUAGE CODE | |
| Source of code | eng |
| Language code of text/sound track or separate title | eng |
| 100 ## - MAIN ENTRY--PERSONAL NAME | |
| Personal name | CHAPLINE Hamako Ito |
| 9 (RLIN) | 648204 |
| 245 #0 - TITLE STATEMENT | |
| Title | Manual of Japanese writing |
| Remainder of title | Book 1. 3 Vols. |
| 260 ## - PUBLICATION, DISTRIBUTION, ETC. | |
| Place of publication, distribution, etc. | New Havan |
| Name of publisher, distributor, etc. | Yale University Press |
| Date of publication, distribution, etc. | 1979 |
| 300 ## - PHYSICAL DESCRIPTION | |
| Extent | p. |
| Dimensions | cm. |
| 490 ## - SERIES STATEMENT | |
| Volume/sequential designation | V1 - 369p. 2 |
| 700 ## - ADDED ENTRY--PERSONAL NAME | |
| Personal name | MARTIN Samuel E. |
| 9 (RLIN) | 648205 |
| 942 ## - ADDED ENTRY ELEMENTS (KOHA) | |
| Classification part | P42,9, L9-.3 |
| Koha item type | Textual |
| Source of classification or shelving scheme | Colon Classification (CC) |
| Withdrawn status | Lost status | Source of classification or shelving scheme | Damaged status | Not for loan | Home library | Current library | Date acquired | Serial Enumeration / chronology | Total Checkouts | Full call number | Barcode | Date last seen | Price effective from | Koha item type |
|---|---|---|---|---|---|---|---|---|---|---|---|---|---|---|
| Colon Classification (CC) | Department of East Asian Studies Library | Department of East Asian Studies Library | 2022-10-06 | V1 - 369p. 2 | P42,9 L9-.3 | EA0790637 | 2022-10-06 | 2022-10-06 | Textual |
